Hoàn chỉnh thiết kế và chế tạo máy khuấy mẫu thí nghiệm
Đề tài nghiên cứu thiết kế lại và sử dụng nguồn vật tư trong nước chế tao và thay thế thiết bị ngoại nhập để giảm giá thành đầu tư.
Bewaard in:
| Hoofdauteur: | |
|---|---|
| Formaat: | Boek |
| Taal: | Undetermined |
| Gepubliceerd in: |
Cần Thơ
Trường Đại học Cần Thơ
2001
|
| Onderwerpen: | |
| Tags: |
Voeg label toe
Geen labels, Wees de eerste die dit record labelt!
|
| Thư viện lưu trữ: | Trung tâm Học liệu Trường Đại học Cần Thơ |
|---|
| LEADER | 00877nam a2200193Ia 4500 | ||
|---|---|---|---|
| 001 | CTU_205146 | ||
| 008 | 210402s9999 xx 000 0 und d | ||
| 082 | |a 621.815 | ||
| 082 | |b Tr300 | ||
| 100 | |a Võ, Minh Trí | ||
| 245 | 0 | |a Hoàn chỉnh thiết kế và chế tạo máy khuấy mẫu thí nghiệm | |
| 245 | 0 | |c Võ Minh Trí (chủ nhiệm đề tài), Lê Hoàng Việt | |
| 260 | |a Cần Thơ | ||
| 260 | |b Trường Đại học Cần Thơ | ||
| 260 | |c 2001 | ||
| 520 | |a Đề tài nghiên cứu thiết kế lại và sử dụng nguồn vật tư trong nước chế tao và thay thế thiết bị ngoại nhập để giảm giá thành đầu tư. | ||
| 650 | |a Machine design,Thiết kế máy | ||
| 904 | |i Qhieu | ||
| 980 | |a Trung tâm Học liệu Trường Đại học Cần Thơ | ||